The Environmental Forum (Record no. 9547)
[ view plain ]
| 000 -LEADER | |
|---|---|
| fixed length control field | 00533cas a2200157 4500 |
| 008 - FIXED-LENGTH DATA ELEMENTS--GENERAL INFORMATION | |
| fixed length control field | 131128n eng u |
| 022 ## - INTERNATIONAL STANDARD SERIAL NUMBER | |
| International Standard Serial Number | 07315732 |
| 035 ## - SYSTEM CONTROL NUMBER | |
| System control number | (Sirsi) a181865 |
| 050 ## - LIBRARY OF CONGRESS CALL NUMBER | |
| Classification number | On Display |
| 245 ## - TITLE STATEMENT | |
| Title | The Environmental Forum |
| 260 ## - PUBLICATION, DISTRIBUTION, ETC. | |
| Place of publication, distribution, etc. | Washington |
| Name of publisher, distributor, etc. | Environmental Law Institute |
| 310 ## - CURRENT PUBLICATION FREQUENCY | |
| Current publication frequency | Bi-monthly |
| 362 ## - DATES OF PUBLICATION AND/OR SEQUENTIAL DESIGNATION | |
| Dates of publication and/or sequential designation | Vol. 29, No. 1, 2012 - Vol. 30, No. 2, 2013 |
| 520 ## - SUMMARY, ETC. | |
| Summary, etc. | This forum puts together articles with diverse points of view and opinion to stimulate a creative exchange of ideas |
| 650 ## - SUBJECT ADDED ENTRY--TOPICAL TERM | |
| Topical term or geographic name entry element | Environment |
| Withdrawn status | Lost status | Source of classification or shelving scheme | Damaged status | Not for loan | Home library | Current library | Shelving location | Total Checkouts | Full call number | Barcode | Date last seen | Copy number | Price effective from | Koha item type |
|---|---|---|---|---|---|---|---|---|---|---|---|---|---|---|
| Library of Congress Classification | Main Library | Main Library | Serials | ON DISPLAY | 57322912012 | 08/12/2019 | 1 | 08/12/2019 | Periodical | |||||
| Library of Congress Classification | Main Library | Main Library | Serials | ON DISPLAY | 57322922012 | 08/12/2019 | 2 | 08/12/2019 | Periodical | |||||
| Library of Congress Classification | Main Library | Main Library | Serials | ON DISPLAY | 57323022013 | 08/12/2019 | 3 | 08/12/2019 | Periodical |